Sur l'archéologie de l'extrême-orient les documents de la mission Chavannes /

Saved in:
Bibliographic Details
Main Author: Petrucci, Raphaël, 1872-1917.
Format: Book
Language:French
Published: [S.l. : s.n., 1910?]
Series:Western books on Asia. Japan. fiche 10,194.
Subjects:
Tags: Add Tag
No Tags, Be the first to tag this record!
LEADER 00843cam a2200253 a 4500
001 008008564-4
005 20020606104010.5
008 950201s1810 xx bb 000 0 fre d
035 0 |a ocm32316618 
035 1 |a CTRG95B264 
040 |a ResP  |c ResP 
043 |a a-ja---  |a a-cc--- 
100 1 |a Petrucci, Raphaël,  |d 1872-1917. 
245 1 0 |a Sur l'archéologie de l'extrême-orient  |h [microform] :  |b les documents de la mission Chavannes /  |c par Raphaël Petrucci. 
260 |a [S.l. :  |b s.n.,  |c 1910?] 
300 |a p. [481]-509. 
500 |a Caption title. 
504 |a Includes bibliographical references. 
600 1 0 |a Chavannes, Edouard,  |d 1865-1918. 
650 0 |a Archaeology  |z China. 
650 0 |a Art, Japanese  |x Chinese influences. 
830 0 |a Western books on Asia.  |p Japan.  |n Unit 11 ;  |v fiche 10,194.  |5 mic 
988 |a 20020608 
906 |0 RLIN